No digas que fue un sueño / (Registro nro. 10668)

Detalles MARC
000 -LIDER
fixed length control field 00898nam a22002657a 4500
001 - NÚMERO DE CONTROL
Identificador de número de control 00704
003 - IDENTIFICACDOR DE NÚMERO DE CONTROL
control field DO-SdBPM
005 - DATE AND TIME OF LATEST TRANSACTION
control field 20250116104534.0
007 - CAMPOS FIJOS DE DESCRIPCIÓN FÍSICA
fixed length control field 00704
008 - ELEMENTOS DE LONGITUD FIJA
fixed length control field 160704b2001 xx| |||| 00| 0 spa d
020 ## - ISBN
International Standard Book Number 8481302554
040 ## - FUENTE DE CATALOGACIÓN
Agencia que crea de manera original el registro DO-SdBPM
Idioma de catalogación spa
Agencia que realiza la transcripción BPMSU
082 #4 - NÚMERO DE CLASIFICACIÓN DECIMAL DE DEWEY
Classification number 846.93
Item number M715n 2001
Edition number 22
100 1# - ASIENTO PRINCIPAL -- NOMBRE PERSONAL
Nombre personal Moix, Terenci
Fechas asociadas con el nombre 1942-2003
245 10 - MENCIÓN DE TITULO
Título No digas que fue un sueño /
Mención de responsabilidad Terenci Moix ; prólogo Rosa Regás
260 ## - PUBLICACIÓN, DISTRIBUCIÓN, ETC. (PIE DE IMPRENTA)
Lugar de publicación, distribución, etc [sin lugar] :
Nombre del editor, distribuidor, etc. Bibliotex,
Fecha de publicación, distribución, etc 2001.
300 ## - DESCRIPCIÓN FÍSICA
Extensión 317 p. ;
Dimensiones 22 cm.
490 0# - MENCIÓN DE SERIES
Mención de serie Millenium. Las 100 mejores novelas en castellano del siglo XX ;
-- Biblioteca el mundo,
Volume/sequential designation 14
500 ## - NOTA GENERAL
Materiales especificados Incluye datos biográficos del autor en la solapa de la cubierta
590 ## - NOTA LOCAL
Texto de la nota local Inventariado, 2025/VM
650 #4 - ENCABEZAMIENTO DE MATERIA--TEMÁTICO
Término temático o nombre geográfico como elemento de entrada Novela catalana
700 1# - ASIENTO SECUNDARIO -- NOMBRE PERSONAL
Nombre personal Regás, Rosa,
Mención de responsabilidad prólogo
910 ## - VALIDACIÓN
Validación VMateo V. Contorl de calidad. BPMSU
942 ## - ADDED ENTRY ELEMENTS (KOHA)
Source of classification or shelving scheme Dewey Decimal Classification
Koha item type Libros
Existencias
Withdrawn status Lost status Source of classification or shelving scheme Damaged status Not for loan Collection code Home library Current library Date acquired Source of acquisition Total Checkouts Full call number Barcode Date last seen Price effective from Koha item type
    Dewey Decimal Classification       Biblioteca Pública Metropolitana Salomé Ureña Biblioteca Pública Metropolitana Salomé Ureña 07/04/2016 FUNDI   BPMSU CG 846.93 M715n 2001 BPMSU16070049 07/04/2016 07/04/2016 Música